Buying in to quick deals (Record no. 78732)

MARC details
000 -LEADER
fixed length control field 01102cab a22001815a 4500
001 - CONTROL NUMBER
control field L137865
008 - FIXED-LENGTH DATA ELEMENTS--GENERAL INFORMATION
fixed length control field 070502e2005 xxkk f 000 0 eng d
035 ## - SYSTEM CONTROL NUMBER
System control number (Sirsi) u137865
041 0# - LANGUAGE CODE
Language code of text/sound track or separate title eng
100 1# - MAIN ENTRY--PERSONAL NAME
Personal name Nicholson, Peter
245 00 - TITLE STATEMENT
Title Buying in to quick deals
260 ## - PUBLICATION, DISTRIBUTION, ETC.
Date of publication, distribution, etc. 2005
490 ## - SERIES STATEMENT
Series statement The Journal of the Law Society of Scotland
Volume/sequential designation 50(6) June 2005, 21-23(3)
520 ## - SUMMARY, ETC.
Summary, etc. Reports that standard missives are gaining in popularity. They were originally introduced in 1992 and widely seen as a failure. There is now a standard form in wide use in Dundee, and can also be seen in the Highland Standard contract offered by Thorntons. This is seen as superior to the more neutral 1992 style. It allows individual companies to vary clauses to suit their client base. Scottish companies are more keen to adopt these forms because of the requirement not to market properties while contracts are exchanged. Sellers are often tempted to adopt a simpler common scheme in order to avoid complexities.
651 #4 - SUBJECT ADDED ENTRY--GEOGRAPHIC NAME
Geographic name Scotland
Chronological subdivision 1999-
690 ## - LOCAL SUBJECT ADDED ENTRY--TOPICAL TERM (OCLC, RLIN)
Topical term or geographic name as entry element PROPERTY-PROPERTY ACQUISITION AND DISPOSAL
942 ## - ADDED ENTRY ELEMENTS (KOHA)
Suppress in OPAC 0
Holdings
Withdrawn status Lost status Source of classification or shelving scheme Damaged status Not for loan Home library Current library Shelving location Date acquired Total Checkouts Full call number Barcode Date last seen Copy number Price effective from Koha item type
    Dewey Decimal Classification     London London Journal article 02/05/2007   L137865 137865-1001 06/08/2019 1 06/08/2019 Journal article